Finančné aspekty elektromobility a dosahy na tradičné produkty automobilového priemyslu diplomová práca

Salvato in:
Dettagli Bibliografici
Autore principale: Fabianová, Janka
Ente Autore: Fakulta podnikového manažmentu EU. Katedra podnikových financií
Altri autori: Markovič, Peter, 1974-
Natura: Libro
Lingua:slovacco
Pubblicazione: Bratislava 2022
Tags: Aggiungi Tag
Nessun Tag, puoi essere il primo ad aggiungerne!!

MARC

LEADER 00000nbm a2200000 4500
001 0285352
005 20230223150416.1
041 0 |a slo 
044 |a SK 
245 1 0 |a Finančné aspekty elektromobility a dosahy na tradičné produkty automobilového priemyslu  |b diplomová práca  |c Janka Fabianová ; školiteľ: Peter Markovič 
264 1 |a Bratislava  |c 2022 
300 |a 69 s. 
100 1 |a Fabianová, Janka 
700 1 |a Markovič, Peter, 1974- 
710 2 |a Fakulta podnikového manažmentu EU. Katedra podnikových financií